000 00366 a2200169 4500
001 186719
020 _a85-85466-15-4
040 _cMagnum
100 _aPrieto, Heloisa
240 1 0 _aDuendes e gnomos
_lpor
245 1 0 _aDuendes e gnomos
300 _a56
362 0 _a1992
440 1 _aCompanhia das Letrinhas
697 _aLITERATURA INFANTO
942 _cBK
999 _c186719
_d186719